000 00429nam a22001217a 4500
082 _a200 THE
100 _aJunaid Shaheen
_970156
245 _aTH-SOF-1291-Establishing Best Practices to Achieve Organizational Excellence through Benchmarking of Telecom Sector in Pakistan
260 _aIslamabad
_bNUST College of EME
_c2016
650 _a MS-EM-7 MSTHESIS
_969831
700 _aSupervisor Dr. Tahir Nawaz
_969485
942 _cCF
999 _c577188
_d577188